000 01485cam a2200385 a 4500
001 12409335
003 OSt
005 20140310181716.0
008 010314s1998 ph a b 000 0 eng
010 _a 2001307545
020 _a9716300697 (hard)
020 _a9716300700 (pbk.)
035 _a(DLC) 2001307545
037 _bLibrary of Congress -- Jakarta Overseas Office
_cP225.00
040 _aDLC
_cDLC
042 _alcode
043 _aa-ph---
050 0 0 _aGR 325
_b.C957 1998
082 _aFIL 398.2
_bC84 1998
100 1 _aCruz, Neni Sta. Romana-
_q(Neni Santa Romana-)
245 1 4 _aThe warrior dance and other classic Philippine sky tales /
_cas told by Neni Sta. Romana-Cruz ; illustrated by Mark Justiniani.
260 _aManila :
_bTahanan Books for Young Readers :
_bDistributed in the Philippines by Bookmark,
_cc1998.
300 _a55 p. :
_bill. ;
_c26 cm.
440 2 _aA treasury of Philippine folk tales
504 _aIncludes bibliographical references (p. 55).
505 0 _aThe sky, the sea, and the bird of prey -- The husband and wife who quarreled -- The man who would not stop eating -- The star sisters -- The necklace and the comb -- The unforgiving goddess -- The twins of sky and earth -- The warrior dance.
562 _e2
650 0 _aTales
_zPhilippines.
700 1 _aJustiniani, Mark.
906 _a7
_bcbc
_corigode
_d3
_encip
_f20
_gy-gencatlg
942 _2lcc
_cBK
999 _c1766
_d1766